Becket o el honor de Dios
Guardado en:
| Hovedforfatter: | |
|---|---|
| Format: | Bog |
| Sprog: | Undetermined |
| Udgivet: |
Buenos Aires, Argentina
Losada
1964
|
| Fag: | |
| Tags: |
Tilføj Tag
Ingen Tags, Vær først til at tagge denne postø!
|
MARC
| LEADER | 00000nam a2200000Ia 4500 | ||
|---|---|---|---|
| 008 | 170316s9999 xx 000 0 und d | ||
| 040 | |a cru BVZT | ||
| 090 | |a 840 A-5b | ||
| 100 | |a Anouille, Jean | ||
| 245 | |a Becket o el honor de Dios | ||
| 260 | |a Buenos Aires, Argentina | ||
| 260 | |b Losada | ||
| 260 | |c 1964 | ||
| 300 | |a 122 páginas | ||
| 650 | |a LITERATURA FRANCESA | ||
| 999 | |c 7480 |d 7480 | ||
| 942 | |c 15 D |h 840 A-5b |2 z | ||
